Statistics for The Places They Went #3

Click here to take the quiz!

General Stats

  • This quiz has been taken 1,015 times
    (638 since last reset)
  • The average score is 7 of 17

Answer Stats

HintAnswer% Correct
Mecca, Ta'if, MedinaMuhammad
96%
Ulm, Munich, Bern, New York City, PrincetonAlbert Einstein
78%
Brookline, South Pacific, Boston, Washington DC, DallasJohn F. Kennedy
75%
Duchy of Bar, Orléans, Paris, NormandyJoan of Arc
64%
Shrewsbury, Brazil, Galapagos, South Africa, KentCharles Darwin
62%
Dayton, Kittyhawk, DaytonOrville Wright
52%
Golan Heights, Jerusalem, Antioch, Corinth, RomeSt. Peter
44%
Tennessee, Washington DC, San Antonio, AlamoDavy Crockett
42%
New York City, Harvard, Berkeley, Los Alamos, PrincetonJ. Robert Oppenheimer
34%
Kursk, Stalingrad, Kiev, Camp David, MoscowNikita Khrushchev
29%
Renfrewshire, Stirling, Falkirk, LondonWilliam Wallace
23%
Smolensk, Moscow, Baikonur, KirzhachYuri Gagarin
22%
Castile, Hispaniola, Puerto Rico, St. Augustine, HavanaJuan Ponce de Leon
17%
Ohio, Washington DC, Atlanta, Savannah, New York CityWilliam Tecumseh Sherman
15%
Athens, Marathon, AthensPheidippides
7%
Indiana, Korean Peninsula, Washington DC, Cape KennedyVirgil "Gus" Grissom
6%
Yuma, Saipan, Los Angeles, Washington DC, YumaCesar Chavez
5%

Score Distribution

Percentile by Number Answered

Percent of People with Each Score

Your Score History

You have not taken this quiz since the last reset